| 000 | 01305cam a2200325 i 4500 | ||
|---|---|---|---|
| 001 | 40105 | ||
| 003 | Mx-PuUPA | ||
| 005 | 20250404124318.0 | ||
| 008 | 140415s1965 mx a gr 000 f spa d | ||
| 040 |
_cMx-PuUPA _aMx-PuUPA _bspa _dMx-PuUPA _erda |
||
| 041 | 1 |
_aspa _hger |
|
| 100 | 1 |
_aSchmid, Christoph von, _d1768-1854 _916878 _eautor |
|
| 240 | 1 | 0 |
_a[Genovefa. Eine der schönsten und rührendsten Geschichten des Alterthums, neuerzählt für alle guten Menschen, besonders für Mütter und Kinder]. _lEspañol |
| 245 | 1 | 0 |
_aGenoveva de Brabante / _cCanónigo J. Cristóbal Schmid |
| 250 | _aEdición mexicana | ||
| 260 |
_a _b _c |
||
| 264 | 1 |
_aMéxico, D.F. : _bLito Ediciones Olimpia, _c©1965 |
|
| 300 |
_a255 páginas ; _c18 cm |
||
| 336 |
_2rdacontent _atexto _btxt |
||
| 337 |
_2rdamedia _asin medio _bn |
||
| 338 |
_2rdacarrier _avolumen _bnc |
||
| 650 | 7 |
_2armarc _aLiteratura alemana |
|
| 655 | 7 | _aNovela alemana | |
| 655 | 7 | _aNovela juvenil | |
| 765 |
_aSchmid, J. Cristóbal _t[Genovefa. Eine der schönsten und rührendsten Geschichten des Alterthums, neuerzählt für alle guten Menschen, besonders für Mütter und Kinder] |
||
| 942 |
_2ddc _cLI _h833 _iC2818 |
||
| 999 |
_c40105 _d40105 |
||